000
00292nam a22001337a 4500
008
170627b xxu||||| |||| 00| 0 eng d
020
_a
9780198730934
041
_a
eng
080
_a
94
100
_a
16
101
_a
SHH
245
_a
THE EUROPEAN REFORMATION
_c
CAMERON,E
942
_2
udc
_c
BK
999
_c
19169
_d
19169